000 00575nam a22002057a 4500
005 20240429152955.0
008 240426b |||||||| |||| 00| 0 eng d
020 _a9780670086740
_cRs.599.00
040 _aLoreto College
041 _aEnglish
082 _a320.954
_bBAR
100 _aBaru, Sanjaya
245 _aThe accidental prime minister
_bThe making and unmaking of Manmohan Singh
_cSanjaya Baru
260 _aGurgaon
_bPenguin books
_c2014
300 _a301p.
_b23cm.
504 _aIncludes index
650 _aPolitics of India
850 _aLCLIB
942 _cBK
999 _c43728
_d94207